000 00526nam a2200181 i 4500
001 bg
100 1 _aGRZELAK, Eugeniusz
245 1 0 _aMaszyny i urządzenia do przeróbki mechanicznej surowców mineralnych /
_cEugeniusz Grzelak.
260 _aWarszawa :
_bWydawnictwa Naukowo-Techniczne,
_c1975.
650 9 _aRozdrabnianie
_xnarzędzia i maszyny
650 9 _aMłyny
655 _aPodręczniki
040 _cBPK
041 0 _apol
080 _a621.926/.929
942 _cKS
008 s pl f |000 0 pol
999 _c35549
_d35549
856 _uhttp://koha.tu.koszalin.pl/cgi-bin/koha/opac-detail.pl?biblionumber=35549
_yKatalog online BPK